000 00689nam a2200217 i 4500
001 125551
003 ES-MaACL
005 20250819000219.0
007 t|
008 070619s1975 fr ||||1| fre d
080 _a224
130 0 0 _aBiblia.
_pA. T.
_9119248
245 1 0 _aAncien Testament
_b: traduction oecuménique de la bible.
250 _aéd. integrale.
260 _aParis :
_bLes Editions du Cerf :
_bLes Bergers et les Mages,
_c1975.
300 _a2262 p. :
_bmapas col. ;
_c22 cm.
500 _aBiblioteca Jacinto Martínez Lacalle.
500 _aTabla cronológica y alfabética: p. 2241-2258.
852 _aES-MaACL
_jE-11718
_bR.139718
999 _c125551
_d125551